[Event "Barcelona Rubinenca op 2nd"]
[Site "Barcelona"]
[Date "2023.10.27"]
[Round "5"]
[White "Noya Guia, Alvaro"]
[Black "Garcia Garcia, Gabriel Javier"]
[Result "1-0"]
[WhiteElo "1737"]
[BlackElo "1572"]
[PlyCount "49"]
[EventDate "2023.09.22"]
[EventType "swiss"]
[EventRounds "9"]
[EventCountry "ESP"]
[SourceTitle "EXT 2025"]
[Source "ChessBase"]
[SourceDate "2024.10.14"]
[SourceVersion "1"]
[SourceVersionDate "2024.10.14"]
[SourceQuality "1"]

1. e4 c5 2. Nf3 d6 3. d4 cxd4 4. Nxd4 Nf6 5. Nc3 a6 6. Be3 e5 7. Nb3 Be6 8. f3 Nbd7 9. Qd2 b5 10. g4 Nb6 11. g5 Nfd7 12. 0-0-0 Nc4 13. Bxc4 bxc4 14. Nd4 exd4 15. Qxd4 Rb8 16. Nd5 Bxd5 17. exd5 Be7 18. Qxg7 Rf8 19. Rhe1 Ne5 20. f4 Nf3 21. Re2 Qa5 22. Kb1 c3 23. b3 Ne5 24. fxe5 Qa3 25. Bc1 1-0